MDQL
is popping MORE tags! Check the
thread
!
Quizzes
Events
Quiz Creation
Community
Videos
Private Events
Remove Ads
Sign In
Join for FREE
Feedback
Dark Mode
Quiz Categories
Sports
Geography
Music
Movies
Television
Just For Fun
Miscellaneous
History
Literature
Language
Science
Gaming
Entertainment
Religion
Holiday
For Kids
Quiz Lab
Recent
Popular Today
Quiz Kudos Today
Editor Picks
Curator Picks
Quizzes by...
Day
Popularity
Type
Ratings
Length
Year
Community
Subscriptions
Recent Discussions
Orange Saloon
Badges
Playlists
Quests
Create
Leaderboards
Showdown
Live 5
Trivia Bingo
Activity
Puzzle Library
Sporcle Events
Private Events
Virtual Trivia
Globe League
Become a Host
Pub Owners
SporcleCon
Opinionation
Our Games
Videos
Blog
Mobile Apps
Partnerships
Remove Ads and Go Orange
Feedback
Music
Pop Music
The Beatles
Song
Album
Lyrics
Bands
Singers
Artist
Clip
Rock
Rap
Classical
Billboard
Country Music
Kpop
Taylor Swift
Music
Pop Music
The Beatles
Song
Album
Lyrics
Bands
Singers
Artist
Clip
Rock
Rap
Classical
Billboard
Country Music
Kpop
Taylor Swift
Random Quiz
Search Sporcle
×
Quiz Lab
Quiz Lab
Music
Song
Type in answers that appear in a list
Type in answers that appear in a list
Classic
Best Score? Go Orange.
Rock-n-Riddles 70's Edition Stats
Can you name the the song based on the clues given?
By
RLthehammer
6m
20 Questions
606 Plays
606 Plays
606 Plays
Comments
Comments
Give Quiz Kudos
Give Quiz Kudos
-
- Ratings
hide this ad
Replay
Link that replays current quiz
Next Quiz
Link to next quiz in quiz playlist
You Got
0%
They Got
Avg Score
62%
Avg Friend Score
Upgrade to see
Score Distribution
Jump to the score distribution portion of the page
Score
0/20
Timer
06:00
0
Plays Today
Clue
Song
% Correct
Batman archenemy
The Joker
90.1%
The roadway to Satan
Highway to Hell
86.8%
Month of the autumnal equniox
September
84.7%
Item found in ones wallet gained through work or inheritance
Money
84.3%
Illegal substance sold by Tony Montana
Cocaine
81%
Place of Napoleon's last stand
Waterloo
79%
Stereotypical method of commuincation for an individual stranded on an island
Message in a Bottle
74.8%
The state the Browns, Cavaliers,and Blue Jackets play in
Ohio
70.6%
Questioning the identity of someone
Who Are You
68.3%
Name of Bugs Bunny's love interest
Lola
67%
Clue
Song
% Correct
Mr. Goodman with his jazz band and the gang which opposes the sharks
Bennie and The Jets
65.8%
Expressway found in German speaking nations
Autobahn
62%
Individual with a psychotic disorder having extreme distrust of others
Paranoid
59.9%
Void of female and tears
No Woman, No Cry
55.9%
What you are doing if you run out of gas while driving
Running on Empty
53%
Organization founded by George Williams in London, England 1844
YMCA
51%
Region desputed by India and Pakistan once apart of the Mogul Empire
Kashmir
49.7%
Female from the most populous city in California
L A Woman
29.7%
A strong desire to live
Lust for Life
20.8%
A young person in a global news magazine(Perphaps their person of the year)
Child in Time
7.3%
Quiz Playlist
Details
Report
Send in Message
Add To Playlist
Classic:
Type in answers that appear in a list
Last Updated: Feb 21, 2019
Quiz Scoreboard
CHALLENGE
Sign Up to Join the Scoreboard
Show All
Scores
Hide
Comments
May contain spoilers
Recently Published
Holiday 10x10 Sorting Gallery
by lukepisani3
Holiday
15m
Two Season TV Shows II
by 123Four
Television
10m
Image Sorting: Flags VI
by Barbecue
Geography
2m
More to Explore
Quiz From the Vault
Featured Blog Post
14 Easter Pick-up Lines to Find Eggs With
hide this ad
You Might Also Like...
Tags
Artist Quiz
Bands Quiz
Rock Quiz
Song Quiz
Edition
Today's Top Quizzes in Music
Browse Music
hide this ad
Today's Top Quizzes in Song
Browse Song
Top Contributed Quizzes in Music
1
5X2 Blitz: Bands II
2
5X2 Blitz: The Beatles
3
Taylor Swift All Songs (2024)
4
5X2 Blitz: Billboard
5
5X2 Blitz: Billboard II
6
Music Artist by Three 2010s hits
7
5X2 Blitz: Album
8
5X2 Blitz: Rock
9
5X2 Blitz: Singers
10
5X2 Blitz: Lyrics
Explore More
Trending Topics
Crossword
Disney
Anime
Harry Potter
Marvel
Kpop
NBA
The Office
Song
Pokémon
Puzzle
WWE
NFL
Soccer
Country
hide this ad
More By:
RLthehammer
Quiz
Plays
Rating
Category
Featured
Created
Thrash Bands
1,486
2.75
Music
Mar 30, 2012
Rock-n-Riddles 80's Edition
1,322
3.19
Music
Dec 12, 2009
Top 100 Metal Bands
1,267
2.00
Music
Dec 29, 2010
Rock-n-Riddles 90's Edition
706
3.00
Music
Dec 13, 2009
Rock-n-Riddles 70's Edition
606
4.00
Music
Jan 7, 2010
Go to Creator's Profile
Score Distribution
Quiz Creator Spotlight
RLthehammer
Follow
Send a Message
Quizzes Created
-
Created Quiz Play Count
-
More By This Creator
Popular Quizzes Today
1
Find the US States - No Outlines Minefield
2
Colored Red Africa Blitz
3
Find the 'City' Movie
4
The Countries of the World
5
5x2 Blitz: Bands
6
Find the Countries of Europe - No Outlines Minefield
7
Find the US States
8
US States
More Music Quizzes
Quick Pick: Name That Country Singer
Editor's Pick
Trending Quizzes
Colored Red Europe Blitz I
Colored Red Africa Blitz II
Colored Red Europe Blitz II
Even More Two Season TV Shows
Colored Red Africa Blitz III
Recently Updated
Odd Team Out - Big 4 Players
pecheneg
Quick Pick: 20 Twenties
pecheneg
March Madness Men's Triple Doubles
pecheneg
How Do You Spell That?
pecheneg
Godzilla Movies
pecheneg
Grab Bag: 4-10 Letters
pecheneg
2024 March Madness Bracket
pecheneg
Famous TV Couples
Peacemaker
Champions League XIs: Real Madrid
pecheneg
Largest US Cities 1790-2010
pecheneg
Trending Topics
Marvel
Anime
Kpop
Disney
NBA
Crossword
Harry Potter
Soccer
Country
NFL
Pokémon
Puzzle
The Office
WWE
Song
Your Account Isn't Verified!
In order to create a playlist on Sporcle, you need to verify the email address you used during registration. Go to your
Sporcle Settings
to finish the process.
Report this User
Report this user for behavior that violates our
Community Guidelines
.
Details:
Send Report
Go to the Sporcle.com Mobile Site →
Comments